000 00652nam a2200193Ii 4500
003 JO-AjNU
008 230605s9999||||xx |||||||||||||| ||und||
040 _aJO-AjNU
_bara
_erda
_cJO-AjNU
041 _aara
050 1 4 _aPN519.A7.A64 1983
100 3 _aالعشماوي،محمد زكي,
_eauthor
_920298
245 0 0 _aالرؤية المعاصرة في الأدب والنقد
264 3 1 _aبيروت: دار النهضة العربية، 1983
300 _a248ص
336 _atext
_btxt
_2rdacontent
337 _aunmediated
_bn
_2rdamedia
338 _avolume
_bnc
_2rdacarrier
650 4 _aالأدب العربي - تاريخ ونقد
_920299
999 _aA6855
_c10423
_d10423